000
00230nam a2200121Ia 4500
100
_a
ANDREW ROBERTSON
942
_c
BK
245
_a
THE DESSONS OF FAILURE
260
_b
#N/A
300
_a
106
546
_a
ENGLISH
999
_c
33848
_d
33848